000 00563nam a2200181Ia 4500
999 _c14734
_d14734
003 OSt
005 20201020124411.0
008 190216s9999||||xx |||||||||||||| ||und||
020 _a9780195692082
040 _coclc
082 _a891.4090071
_bMUK/E
100 _aMukherjee, Meenakshi
_95549
245 0 _aElusive Terrain Culture And Literary Memory /
_cMeenakshi Mukherjee
260 _bOxford University Press ,
_c2008.
_aNew Delhi:
300 _a201p
650 _aEnglish
942 _cBK
_2ddc
_h891.4090071
_iMUK/E
_k891.4090071
_mMUK/E